Medieval roles for modern times : theater and the battle for the French Republic /

"Examines the performances of a Parisian youth group, Gustave Cohen's Théophiliens, and the process of making medieval culture a part of the modern world. Explores the work of actor Moussa Abadi, and his clandestine resistance under the Vichy regime in France during World War II"--Pro...

Full description

Bibliographic Details
Main Author: Solterer, Helen
Other Authors: Cohen, Gustave, 1879-1958
Format: Book
Language:English
Published: University Park, Pa. : Pennsylvania State University Press, [2010]
Subjects:

MARC

Tag First Indicator Second Indicator Subfields
LEADER 00000cam a2200000 a 4500
001 in00002572913
005 20151201150020.0
008 090709s2010 paua b 001 0 eng
010 |a  2009027688 
020 |a 9780271036144 (cloth : alk. paper) 
020 |a 0271036141 (cloth : alk. paper) 
035 |a (OCoLC)ocn424333650 
035 |a (OCoLC)424333650 
040 |a DLC  |c DLC  |d YDX  |d YDXCP  |d UtOrBLW 
043 |a e-fr--- 
049 |a TXAM 
050 0 0 |a PN2635  |b .S65 2010 
082 0 0 |a 792/.0944/0904  |2 22 
100 1 |a Solterer, Helen. 
245 1 0 |a Medieval roles for modern times :  |b theater and the battle for the French Republic /  |c Helen Solterer. 
264 1 |a University Park, Pa. :  |b Pennsylvania State University Press,  |c [2010] 
264 4 |c ©2010 
300 |a xi, 287 pages :  |b illustrations ;  |c 27 cm. 
336 |a text  |b txt  |2 rdacontent 
337 |a unmediated  |b n  |2 rdamedia 
338 |a volume  |b nc  |2 rdacarrier 
504 |a Includes bibliographical references and index. 
505 0 |a French mysteries and Russian miracles: role-playing, the Great War, and Bolshevik Revolution, 1905-1925 -- Gustave Cohen and the theater of belonging to France: Paris, 1933-1935 -- The Théophilien troupe's coming of age: Paris, 1935-1939 -- Theatrical double jeopardy: Paris, 1939-1944 -- La France âEternelle in American exile: New York, 1941-1944 -- Moussa Abadi and playing for life: Nice, 1943-1944 -- Epilogue -- Postwar dramas: Paris, Berlin, Rio de Janeiro, 1944-1952. 
520 |a "Examines the performances of a Parisian youth group, Gustave Cohen's Théophiliens, and the process of making medieval culture a part of the modern world. Explores the work of actor Moussa Abadi, and his clandestine resistance under the Vichy regime in France during World War II"--Provided by publisher. 
650 0 |a Theater  |z France  |x History  |y 20th century. 
650 0 |a Theater and society  |z France  |x History  |y 20th century. 
650 0 |a Theater  |x Political aspects  |z France  |x History  |y 20th century. 
651 0 |a France  |x Politics and government  |y 20th century. 
650 0 |a Arts and society. 
700 1 |a Cohen, Gustave,  |d 1879-1958. 
938 |a YBP Library Services  |b YANK  |n 3144195 
945 |a PromptCat  |b 963252 
946 |a stk 
947 |a A14840287487 
994 |a 92  |b TXA 
948 |a Cataloged  |b h  |c 2010/4/28  |d c  |e ibarton 
999 |a MARS 
999 f f |s 93816a35-4fb2-3e50-9b7c-ad1cbafc94c0  |i 5a465894-a0de-3463-a346-dd9a33130069  |t 0 
952 f f |p ric  |a Texas A&M University  |b Rellis Campus  |c Joint Library Facility  |d Remote Storage  |t 0  |e PN2635 .S65 2010  |h Library of Congress classification  |i unmediated -- volume  |m A14840287487 
998 f f |a PN2635 .S65 2010  |t 0  |l Remote Storage